[Event "Hamburg HSK Easter op"]
[Site "Hamburg"]
[Date "2024.03.31"]
[Round "5"]
[White "Braun, Julian1"]
[Black "Moser, Axel"]
[Result "0-1"]
[WhiteElo "1827"]
[BlackElo "2088"]
[PlyCount "74"]
[EventDate "2024.03.29"]
[EventType "swiss"]
[EventRounds "7"]
[EventCountry "GER"]
[SourceTitle "CB18_2024"]
[SourceDate "2024.05.01"]
[SourceVersion "1"]
[SourceVersionDate "2024.05.01"]
[SourceQuality "2"]

1. e4 e5 2. Nf3 Nc6 3. Bc4 Nf6 4. d4 exd4 5. e5 d5 6. Bb5 Nd7 7. 0-0 Be7 8. Bxc6 bxc6 9. Nxd4 Nb8 10. f4 0-0 11. c3 c5 12. Nc2 Nc6 13. Nd2 a5 14. Nf3 a4 15. Be3 Rb8 16. Rb1 Bf5 17. Qe2 Qd7 18. Rfd1 Qe6 19. Qf2 h6 20. b3 Qg6 21. Rd2 Be4 22. Rb2 axb3 23. axb3 Na5 24. Na1 Rb5 25. h3 Rfb8 26. Kh2 Qc6 27. b4 Nc4 28. Nb3 Nxb2 29. Rxb2 d4 30. cxd4 Rxb4 31. Nfd2 Bd5 32. Na5 Qa4 33. Rxb4 Qxb4 34. f5 Qxa5 35. f6 Bf8 36. Qg3 g6 37. h4 h5 0-1

[Event "Berlin Werner Ott op"]
[Site "Berlin"]
[Date "2019.06.29"]
[Round "8"]
[White "Moser, Axel"]
[Black "Werner, Dimo"]
[Result "1-0"]
[WhiteElo "2168"]
[BlackElo "1986"]
[PlyCount "61"]
[EventDate "2019.06.22"]
[EventType "swiss"]
[EventRounds "9"]
[EventCountry "GER"]
[SourceTitle "EXT 2022"]
[Source "ChessBase"]
[SourceDate "2021.10.06"]
[SourceVersion "1"]
[SourceVersionDate "2021.10.06"]
[SourceQuality "1"]

1. d4 Nf6 2. Nf3 e6 3. c4 c5 4. d5 exd5 5. cxd5 d6 6. Nc3 a6 7. a4 g6 8. Bf4 Bg7 9. h3 0-0 10. e3 Qe7 11. Be2 Nbd7 12. 0-0 Ne8 13. Qb3 b6 14. Nd2 Rb8 15. Nc4 g5 16. Bh2 f5 17. Bh5 Ndf6 18. Bxe8 Nxe8 19. Nxb6 Bd7 20. a5 Nc7 21. Rfe1 Be8 22. Kh1 Qf7 23. Bxd6 g4 24. Bxf8 Bxf8 25. Qd1 Qg6 26. e4 Qh6 27. exf5 gxh3 28. Qg4+ Kh8 29. Qxh3 Qg7 30. Ne4 Nb5 31. Qg3 1-0

[Event "Berlin Lieb Memorial 5th"]
[Site "Berlin"]
[Date "2019.05.17"]
[Round "3"]
[White "Moser, Axel"]
[Black "Fleischer, Matthias1111"]
[Result "1/2-1/2"]
[WhiteElo "2168"]
[BlackElo "1793"]
[PlyCount "42"]
[EventDate "2019.05.03"]
[EventType "swiss"]
[EventRounds "7"]
[EventCountry "GER"]
[SourceTitle "EXT 2020"]
[Source "ChessBase"]
[SourceDate "2019.10.17"]
[SourceVersion "1"]
[SourceVersionDate "2019.10.17"]
[SourceQuality "1"]

1. d4 d5 2. c4 c6 3. Nf3 Nf6 4. Nc3 dxc4 5. a4 Bf5 6. Ne5 Nbd7 7. Nxc4 Nb6 8. Ne5 a5 9. f3 Nfd7 10. e4 Nxe5 11. dxe5 Qxd1+ 12. Kxd1 Be6 13. Kc2 g6 14. b3 Nd7 15. f4 f6 16. exf6 exf6 17. Be2 0-0-0 18. Rb1 Bb4 19. Na2 Nc5 20. Be3 Nxe4 21. Nxb4 axb4 1/2-1/2

[Event "Berlin Spandau op"]
[Site "Berlin"]
[Date "2018.12.27"]
[Round "1"]
[White "Moser, Axel"]
[Black "Sohr, Jim"]
[Result "1/2-1/2"]
[WhiteElo "2147"]
[BlackElo "1629"]
[PlyCount "94"]
[EventDate "2018.12.27"]
[EventType "swiss"]
[EventRounds "7"]
[EventCountry "GER"]
[SourceTitle "CBM 188 Extra"]
[Source "ChessBase"]
[SourceDate "2019.02.26"]
[SourceVersion "1"]
[SourceVersionDate "2019.02.26"]
[SourceQuality "1"]

1. d4 d5 2. Nc3 Nf6 3. Bf4 e6 4. Nb5 Bd6 5. Nxd6+ cxd6 6. e3 0-0 7. Nf3 Nc6 8. Be2 Ne7 9. h3 Ng6 10. Bh2 Ne4 11. 0-0 f5 12. c4 f4 13. cxd5 exd5 14. Qb3 Be6 15. Qxb7 Rb8 16. Qxa7 Rxb2 17. Bd1 Nh4 18. Bxf4 Nxf3+ 19. Bxf3 Nd2 20. Bg4 Bxg4 21. hxg4 Nxf1 22. Rxf1 Qa8 23. Qxa8 Rxa8 24. Bxd6 Raxa2 25. Bg3 Kf7 26. Rc1 Rc2 27. Rxc2 Rxc2 28. Be5 g6 29. g3 Ke6 30. Kg2 g5 31. Kf3 Ra2 32. Bc7 Kd7 33. Bb6 Ke7 34. Bc5+ Ke6 35. e4 Rb2 36. e5 Rb3+ 37. Kg2 Rb2 38. Ba3 Rd2 39. Bc5 Rb2 40. Ba7 Rb7 41. Bc5 Rb2 42. Bf8 Rd2 43. Bc5 Rb2 44. Kf3 Rb3+ 45. Ke2 Rb2+ 46. Ke1 Rb1+ 47. Kd2 Rb2+ 1/2-1/2

[Event "Berlin-ch MT"]
[Site "Berlin"]
[Date "2017.04.12"]
[Round "4"]
[White "Schliebener, Stephan"]
[Black "Moser, Axel"]
[Result "1-0"]
[WhiteElo "2127"]
[BlackElo "2179"]
[PlyCount "79"]
[EventDate "2017.04.10"]
[EventType "swiss"]
[EventRounds "9"]
[EventCountry "GER"]
[SourceTitle "CBM 189 Extra"]
[Source "ChessBase"]
[SourceDate "2019.06.03"]
[SourceVersion "1"]
[SourceVersionDate "2019.06.03"]
[SourceQuality "1"]

1. d4 f5 2. Nf3 Nf6 3. g3 g6 4. Bg2 Bg7 5. 0-0 0-0 6. Nbd2 d6 7. b3 c6 8. Bb2 Qc7 9. Re1 Ne4 10. Nxe4 fxe4 11. Ng5 d5 12. f3 h6 13. Nh3 exf3 14. exf3 g5 15. Nf2 c5 16. c3 cxd4 17. cxd4 Nc6 18. Qd2 Bf5 19. Ng4 Qb6 20. Rad1 e5 21. Ne3 exd4 22. Nxd5 Qc5 23. Nc7 Rad8 24. Ne6 Bxe6 25. Rxe6 Qf5 26. Re4 Rfe8 27. Rde1 Rxe4 28. Rxe4 Qc5 29. Bh3 Ne5 30. Be6+ Kh8 31. Kg2 Qc6 32. Bf5 g4 33. fxg4 Nxg4 34. Kh3 Nf6 35. Rxd4 Rf8 36. Rh4 Kg8 37. Qf4 Nd5 38. Qg4 Nc3 39. Be4 Qxe4 40. Qxg7+ 1-0

[Event "Berlin-ch MT"]
[Site "Berlin"]
[Date "2017.04.11"]
[Round "3"]
[White "Moser, Axel"]
[Black "Meister, Jakob"]
[Result "0-1"]
[WhiteElo "2179"]
[BlackElo "2429"]
[PlyCount "82"]
[EventDate "2017.04.10"]
[EventType "swiss"]
[EventRounds "9"]
[EventCountry "GER"]
[SourceTitle "CBM 189 Extra"]
[Source "ChessBase"]
[SourceDate "2019.06.03"]
[SourceVersion "1"]
[SourceVersionDate "2019.06.03"]
[SourceQuality "1"]

1. d4 e6 2. Nf3 c5 3. e3 Nf6 4. Bd3 d5 5. b3 Nc6 6. Bb2 Qc7 7. a3 Bd6 8. Nbd2 e5 9. dxe5 Nxe5 10. Bb5+ Ke7 11. Be2 Rd8 12. h3 Kf8 13. 0-0 Qe7 14. Bd3 b6 15. Re1 Nxd3 16. cxd3 Ba6 17. Qc2 Kg8 18. e4 dxe4 19. Nxe4 Nxe4 20. Rxe4 Qf8 21. Rd1 Bb7 22. Rg4 Bxf3 23. gxf3 f6 24. Qc4+ Kh8 25. Re1 Rd7 26. Rge4 Qf7 27. Re6 Bf8 28. Kh1 Qh5 29. Qe4 Rad8 30. Re8 Qxh3+ 31. Kg1 Qh5 32. Rxd8 Rxd8 33. Re3 Qd5 34. Qc4 Kg8 35. Qb5 Kf7 36. Kf1 Bd6 37. Ke2 f5 38. Qa6 Bf4 39. Qxa7+ Rd7 40. Qxb6 Bxe3 41. fxe3 Qxd3+ 0-1